Name 20 countries that produce the most waste - Statistics

General Stats
  • This quiz has been taken 32 times
  • The average score is 18 of 20
Answer Stats
Answer % Correct
3 India
100%
16 Australia
96%
2 China
96%
6 Germany
96%
12 Italy
96%
8 Mexico
96%
7 Russia
96%
17 Spain
96%
1 USA
96%
4 Brazil
93%
10 UK
93%
11 France
89%
9 Indonesia
89%
5 Japan
89%
18 Argentina
86%
13 Turkey
82%
15 Canada
79%
19 South Africa
75%
14 South Korea
71%
20 Thailand
68%
No matching quizzes found
Score Distribution
Percent of People with Each Score
Percentile by Number Answered
Your Score History
You have not taken this quiz